Retrato de la justicia/ (Registro nro. 8228)
[ vista simple ]
| 000 -LEADER | |
|---|---|
| fixed length control field | 01066nam a2200181Ia 4500 |
| 005 - FECHA Y HORA DE LA ÚLTIMA TRANSACCIÓN | |
| control field | 20230608160910.0 |
| 008 - FIXED-LENGTH DATA ELEMENTS--GENERAL INFORMATION | |
| fixed length control field | 230605s9999 xx 000 0 und d |
| 040 ## - CATALOGING SOURCE | |
| Original cataloging agency | UPAN |
| Transcribing agency | Biblioteca San Vicente |
| Description conventions | RCAA2 |
| 041 ## - LANGUAGE CODE | |
| Language code of text/sound track or separate title | spa |
| 082 ## - DEWEY DECIMAL CLASSIFICATION NUMBER | |
| Classification number | 347 |
| Item number | T466r |
| 100 ## - MAIN ENTRY--PERSONAL NAME | |
| Personal name | Tenorio, Jorge Eduardo |
| Relator code | aut. |
| 245 #0 - TITLE STATEMENT | |
| Title | Retrato de la justicia/ |
| Statement of responsibility, etc | Jorge Eduardo Tenorio |
| 260 ## - PUBLICATION, DISTRIBUTION, ETC. (IMPRINT) | |
| Place of publication, distribution, etc | El Salvador: |
| Name of publisher, distributor, etc | Corte Suprema de Justicia, |
| Date of publication, distribution, etc | 2003 |
| 300 ## - PHYSICAL DESCRIPTION | |
| Extent | 110 p.; |
| Dimensions | 20 cm. |
| 505 ## - FORMATTED CONTENTS NOTE | |
| Formatted contents note | Justicia y transparencia desde una perspectiva centroamericana<br/>Situación actual y proyecciones de la justicia salvadoreña<br/>América Latina: Retos para la constitución del siglo XXI<br/>Cultura, violencia y justicia<br/>Desafíos del acceso a la justicia en El Salvador<br/>Presentación del Pórtico edición especial "Conmemoración del Cincuentenario de la Constitución de 1950"<br/>Liderazgo social y moral del juez en el Estado moderno<br/>El gremialismo con vista al futuro <br/>Oralidad en el Proceso Civil<br/>Palabras sobre la modernización y la justicia |
| 650 ## - SUBJECT ADDED ENTRY--TOPICAL TERM | |
| Source of heading or term | LEMB |
| Form subdivision | Ensayos |
| General subdivision | Justicia |
| 942 ## - ADDED ENTRY ELEMENTS (KOHA) | |
| Koha item type | Libros |
| Source of classification or shelving scheme | Dewey Decimal Classification |
| Withdrawn status | Lost status | Source of classification or shelving scheme | Damaged status | Not for loan | Collection code | Home library | Current library | Date acquired | Total Checkouts | Full call number | Barcode | Date last seen | Price effective from | Koha item type | Copy number |
|---|---|---|---|---|---|---|---|---|---|---|---|---|---|---|---|
| Dewey Decimal Classification | Colección General | Biblioteca UPAN San Vicente | Biblioteca UPAN San Vicente | 05/06/2023 | 347 T466r | 12000851 | 05/06/2023 | 05/06/2023 | Libros | ||||||
| Dewey Decimal Classification | Colección General | Biblioteca UPAN San Vicente | Biblioteca UPAN San Vicente | 08/06/2023 | 347 T466r | 12003692 | 08/06/2023 | 08/06/2023 | Libros | 01 |